000 007050000a22002050004500
090 _aAR
_b03508
245 1 0 _aRevision of the neotropical genus Tropidacris (Orthoptera, Acridoidae, romaleidae, Rmaleinae)
650 1 4 _aEntomología
_94483
650 1 4 _aTaxonomía animal
_98245
650 1 4 _aDistribución geográfica
_992997
650 1 4 _aRequerimientos ecológicos
_996353
650 1 4 _aSistemática animal
_992968
650 1 4 _aNuevas especies
_992905
650 1 4 _aNeotrópicos
_993955
653 _gTropidacris
041 0 _aInglés
100 1 _aCarbonell, Carlos S.
_996616
942 _cARTICULO
773 1 _tProceedings of the Academy of Natural Science of Philadelphia
_h2
_q366-402
_d1986
_g138
999 _c12558
_d12558